Leyes administrativas de España / (Record no. 102533)

MARC details
000 -LEADER
campo de control de longitud fija 01272nam a2200301 i 4500
001 - NÚMERO DE CONTROL
campo de control 102533
003 - IDENTIFICADOR DE NÚMERO DE CONTROL
campo de control ES-MaACL
005 - FECHA Y HORA DE LA ÚLTIMA TRANSACCIÓN
campo de control 20250827062616.0
007 - CAMPO FIJO DE DESCRIPCIÓN FÍSICA--INFORMACIÓN GENERAL
campo de control de longitud fija t|
008 - DATOS DE LONGITUD FIJA--INFORMACIÓN GENERAL
campo de control de longitud fija 051117m19571958sp l |||| | spa d
110 1# - ENTRADA PRINCIPAL--NOMBRE DE ENTIDAD CORPORATIVA
Nombre de entidad corporativa o nombre de jurisdicción como elemento de entrada España
9 (RLIN) 3622
243 10 - TÍTULO UNIFORME COLECTIVO
Título uniforme <a href="Leyes, etc., de administración pública">Leyes, etc., de administración pública</a>
245 10 - MENCIÓN DEL TÍTULO
Título Leyes administrativas de España /
Mención de responsabilidad, etc. por León Medina y Manuel Marañon.
250 ## - MENCION DE EDICION
Mención de edición Novísima ed.
Resto de la mención de edición sistematizada y puesta al día por José Gascón y Marín... ; José Mª Fabregas del Pilar y Díaz de Ceballos... ; Eugenio Perez Botija.
260 ## - PUBLICACIÓN, DISTRIBUCIÓN, ETC.
Lugar de publicación, distribución, etc. Madrid :
Nombre del editor, distribuidor, etc. Reus,
Fecha de publicación, distribución, etc. 1957-1958.
300 ## - DESCRIPCIÓN FÍSICA
Extensión 2 v. ;
Dimensiones 18 cm.
650 #7 - PUNTO DE ACCESO ADICIONAL DE MATERIA--TÉRMINO DE MATERIA
Término de materia o nombre geográfico como elemento de entrada Derecho administrativo-
Subdivisión geográfica España
Fuente del encabezamiento o término
9 (RLIN) 145992
655 #0 - TERMINO DE INDIZACIÓN--GENERO/FORMA
Datos o término principal de género/forma Legislación
9 (RLIN) 226283
700 1# - ENTRADA AGREGADA--NOMBRE PERSONAL
Nombre de persona Medina, León.
9 (RLIN) 79703
700 1# - ENTRADA AGREGADA--NOMBRE PERSONAL
Nombre de persona Marañón, Manuel.
9 (RLIN) 76316
700 1# - ENTRADA AGREGADA--NOMBRE PERSONAL
Nombre de persona Gascón y Marín, José.
9 (RLIN) 55866
852 ## - LOCALIZACIÓN
Ubicación ES-MaACL
Número de control de estantería A-5445-46
Encuadernación Expurgado en 2022: ejemplar deteriorado ;
852 ## - LOCALIZACIÓN
Ubicación ES-MaACL
Número de control de estantería G-16146
Encuadernación Olim: A-5377
-- Olim: L 351.95 (460) "1957/1958" ESP
Sublocalización o colección R.91610
Ubicación en estantería Depósito 2
itemnumber 106366
Designación de la unidad física t.1
852 ## - LOCALIZACIÓN
Ubicación ES-MaACL
Número de control de estantería G-16147
Sublocalización o colección R.91610
Ubicación en estantería Depósito 2
Signatura antigua Olim: A-5378
-- Olim: L 351.95 (460) "1957/1958" ESP
itemnumber 201334
Designación de la unidad física t.2
942 ## - ELEMENTOS DE ENTRADA SECUNDARIOS (KOHA)
Fuente del sistema de clasificación o colocación Clasificación decimal universal
Tipo de ítem Koha Libro impreso
Holdings
Estatus retirado Estado de pérdida Fuente del sistema de clasificación o colocación Estado de daño No para préstamo Biblioteca de origen Biblioteca actual Ubicación en estantería Fecha de adquisición Enumeración/cronología de publicación seriada Total de préstamos Signatura topográfica completa Código de barras Visto por última vez Precio de reemplazo Tipo de ítem Koha
    Clasificación decimal universal     Biblioteca del Ateneo de Madrid Biblioteca del Ateneo de Madrid Depósito 2 17/01/2008 t.1   G-16146 1107035 23/02/2023 23/02/2023 Libro impreso
Expurgado   Clasificación decimal universal     Biblioteca del Ateneo de Madrid Biblioteca del Ateneo de Madrid Sala Pecera Planta 1 17/01/2008     A-5445-46 1107034 23/02/2023 23/02/2023 Libro impreso
    Clasificación decimal universal     Biblioteca del Ateneo de Madrid Biblioteca del Ateneo de Madrid Depósito 2 17/01/2008 t.2   G-16147 101206814 20/02/2024 23/02/2023 Libro impreso